Gestión de stocks (Registro nro. 60631)

Detalles MARC
000 -ENCABEZADO
Número de control [NR] 00682nam a2200205Ia 4500
008 - DE LONGITUD FIJA DE DATOS DE ELEMENTOS - INFORMACIÓN GENERAL
Elementos de longitud fija [NR] 130821s2005 sp gr spa
020 ## - NUMERO INTERNACIONAL NORMALIZADO PARA LIBROS [R]
Número Internacional Normalizado del libro [NR] 8473564294
040 ## - FUENTE DE CATALOGACION [NR]
Quien Cataloga
Quien Clasifica
Idioma de catalogación [NR] spa
041 00 - CODIGO DE IDIOMA [R]
Código de idioma para texto/pista de sonido o título separado [R] Español
100 1# - ASIENTO PRINCIPAL--NOMBRE PERSONAL [NR]
Nombre personal [NR] Parra Guerrero, Francisca
ID Autoridad 28081
245 10 - MENCION DE TITULO [NR]
Título [NR] Gestión de stocks
Mención de responsabilidad, etc. [NR] Francisca Parra Guerrero
250 ## - MENCION DE EDICION [NR]
Mención de edición [NR] 3a ed.
260 ## - PUBLICACION, DISTRIBUCION, ETC. (PIE DE IMPRENTA) [R]
Lugar de publicación, distribución, etc. [R] Madrid (España)
Nombre del editor, distribuidor, etc. [R] Esic Editorial
Fecha de publicación, distribución, etc. [R] 2005
300 ## - DESCRIPCION FISICA [R]
Extensión [R] 231páginas
650 04 - ASIENTO SECUNDARIO DE MATERIA - TERMINO TEMATICO [R]
Término temático o nombre geográfico como elemento de entrada [NR] Administración de materiales
9 (RLIN) 8556
650 04 - ASIENTO SECUNDARIO DE MATERIA - TERMINO TEMATICO [R]
Término temático o nombre geográfico como elemento de entrada [NR] Control de inventarios
9 (RLIN) 11889
650 04 - ASIENTO SECUNDARIO DE MATERIA - TERMINO TEMATICO [R]
Término temático o nombre geográfico como elemento de entrada [NR] Distribución física de mercancías
9 (RLIN) 13462
942 ## - ELEMENTOS DE ENTRADA AGREGADOS (KOHA)
Tipo de ítem principal el descrito en 300a Libro
Tema principal Administración
Edición 3
Parte restante de la signatura top. P259g
Sistema de clasificación DEWEY
Clasificación 658.785
Existencias
Fecha de último préstamo Signatura topográfica Código de barras Última vez visto Volúmen / Fascículo Ejemplar Price effective from Tipo de ítem Perdido Sistema de clasificación Dañado No prestable Tipo de ítem específico Suprimido Ubicación habitual Ubicación actual Localización Fecha de creación Forma de adquisición Costo
21/01/2013 658.785 P259g 100131843 04/12/2024 3a. Ed. Ej.2 03/02/2013 Libro   DEWEY     Libro   Bodega Bodega 5to piso 28/02/2013 Compra 42500.00